00314nam a2200097Ia 45000010005000000080041000050820019000461000055000652450072001202600024001924340241024s9999 xx 000 0 und d aRD/004.7/R426p aRepública Dominicana. Ministerio de Educación. 0aPortafolio de proyectos del Departamento de Informática Educativa bSanto Domingoc2013